The effects of operational risk on firm resilience in automotive industry : a mediating effect of closed loop supply chain /
Saved in:
| 主要作者: | |
|---|---|
| 格式: | Thesis |
| 语言: | English |
| 主题: | |
| 标签: |
添加标签
没有标签, 成为第一个标记此记录!
|
| LEADER | 010730000a22002410004500 | ||
|---|---|---|---|
| 008 | 171204s2017 my a f 000 0 eng d | ||
| 040 | |a UIAM |b eng |e rda | ||
| 050 | 0 | |a HD9710 | |
| 100 | 0 | |a Noorzihan binti Abd Karim, |e author | |
| 245 | 1 | 4 | |a The effects of operational risk on firm resilience in automotive industry : |b a mediating effect of closed loop supply chain / |c Noorzihan binti Abd Karim |
| 264 | 1 | |a Pulau Pinang : |b Graduate School of Business, Universiti Sains Malaysia, |c 2017 | |
| 300 | |a ix, 169 leaves : |b illustrations (some color) ; |c 30 cm. | ||
| 336 | |2 rdacontent |a text | ||
| 337 | |2 rdamedia |a unmediated | ||
| 338 | |2 rdacarrier |a volume | ||
| 502 | |a Thesis (M.B.A.)--Universiti Sains Malaysia, 2017. | ||
| 504 | |a Includes bibliographical references (leaves 133-143). | ||
| 596 | |a 1 | ||
| 655 | 0 | 7 | |a Theses, IIUM foreign |
| 710 | 2 | |a Universiti Sains Malaysia | |
| 900 | |a oc-zi-nhe-a jt | ||
| 999 | |c 439649 |d 472757 | ||
| 952 | |0 0 |6 T HD 009710 N818E 2017 |7 0 |8 THESES |9 764396 |a IIUM |b IIUM |c MULTIMEDIA |g 0.00 |o t HD 9710 N818E 2017 |p 11100356115 |r 2018-03-09 |t 1 |v 0.00 |y THESIS | ||
